000 00416nam a2200133 a 4500
020 _a042506817X (pbk.) :
050 0 0 _aRC 86.7
_b.R38
245 0 0 _aReader's digest family safety & first aid /
_c[selected and edited by] the editors of Reader's digest.
260 _aNew York :
_bBerkley Book,
_cc1984.
300 _a291 p. :
500 _a"A Berkley/Reader's digest book."
650 0 _xPrevention.
942 _2lcc
_cGEN
999 _c4611
_d4611